000 00958nam a22002297a 4500
003 0
005 20250127125107.0
008 250127b xxu||||| |||| 00| 0 eng d
050 _aHF 5549.5
_b.Al44 2018
100 _aAl-Harthy, Jameela Bint Saleh Said B.
245 _aA comparative study on the level of employee motivation between filipino and omani workers of dalma energy muscat,oman
_cJameela Bint Saleh Said B. Al-Harthy
260 _aLas Pinas City
_bSouthville International School and Colleges
_c2018
300 _a62 pages ;
_c28cm.
500 _aHuman Resource Management.
504 _aIncludes bibliographical references and appendices.
650 _aEmployee motivation—Comparative studies.
650 _aWork environment—Cultural differences.
650 _aJob satisfaction—Comparative studies.
650 _aPersonnel management—Philippines.
651 _aDalma Energy (Muscat, Oman)—Employees.
942 _2lcc
_cTH
999 _c367073
_d367073